[Event "Cadiz la Sal op 25th"]
[Site "San Fernando"]
[Date "2012.07.16"]
[Round "5"]
[White "Garrido Dominguez, Jesus"]
[Black "Canto Suplet, Adrian"]
[Result "1-0"]
[WhiteElo "2380"]
[BlackElo "1949"]
[PlyCount "57"]
[EventDate "2012.07.14"]
[EventType "swiss"]
[EventRounds "7"]
[EventCountry "ESP"]
[SourceTitle "EXT 2024"]
[Source "ChessBase"]
[SourceDate "2023.10.10"]
[SourceVersion "1"]
[SourceVersionDate "2023.10.10"]
[SourceQuality "1"]

1. e4 c5 2. Nf3 d6 3. d4 cxd4 4. Nxd4 Nf6 5. Nc3 Nc6 6. Nde2 g6 7. g3 Bg4 8. Bg2 Bg7 9. h3 Bd7 10. 0-0 0-0 11. Nd5 Rc8 12. a4 Ne5 13. c3 Nxd5 14. exd5 Bf5 15. Nd4 Qd7 16. f4 Nc4 17. g4 Bxd4+ 18. cxd4 Bc2 19. Qxc2 Ne3 20. Qb3 Nxf1 21. Bxf1 h5 22. Bb5 Qc7 23. gxh5 Kg7 24. f5 Qc2 25. Qxc2 Rxc2 26. Bd3 Rfc8 27. Bg5 f6 28. h6+ Kh8 29. fxg6 1-0

[Event "Cadiz la Sal op 25th"]
[Site "San Fernando"]
[Date "2012.07.14"]
[Round "2"]
[White "Canto Suplet, Adrian"]
[Black "Valhondo Morales, Ruben"]
[Result "1/2-1/2"]
[WhiteElo "1949"]
[BlackElo "2085"]
[PlyCount "95"]
[EventDate "2012.07.14"]
[EventType "swiss"]
[EventRounds "7"]
[EventCountry "ESP"]
[SourceTitle "EXT 2024"]
[Source "ChessBase"]
[SourceDate "2023.10.10"]
[SourceVersion "1"]
[SourceVersionDate "2023.10.10"]
[SourceQuality "1"]

1. e4 c5 2. c3 d5 3. exd5 Qxd5 4. d4 Nf6 5. Nf3 Bg4 6. dxc5 Qxd1+ 7. Kxd1 e5 8. b4 Nc6 9. h3 0-0-0+ 10. Bd2 Bh5 11. Be2 Ne4 12. Ke1 f5 13. Bc1 Be7 14. Nfd2 Bxe2 15. Kxe2 Nf6 16. Nc4 f4 17. b5 Nb8 18. Ba3 Rd5 19. Nd6+ Bxd6 20. cxd6 Rxb5 21. c4 Ra5 22. Bb4 Ra4 23. a3 Nc6 24. Nc3 Nd4+ 25. Kd3 Ra6 26. Nd5 Nxd5 27. cxd5 Nb5 28. Rac1+ Kd7 29. Rc5 Nxd6 30. Rhc1 Rc8 31. Rxc8 Nxc8 32. Ke4 Rg6 33. Kxe5 Rg5+ 34. Kxf4 Rxd5 35. Ke4 Nb6 36. g4 Rb5 37. Rc5 Rxc5 38. Bxc5 Nc8 39. f4 Ke6 40. f5+ Kf7 41. g5 h6 42. h4 hxg5 43. hxg5 g6 44. a4 b6 45. Ba3 gxf5+ 46. Kxf5 a5 47. g6+ Kg8 48. Ke6 1/2-1/2

[Event "ESP-ch U18"]
[Site "Linares"]
[Date "2010.07.26"]
[Round "1"]
[White "Canto Suplet, Adrian"]
[Black "Herrera Delgado, Alejandro"]
[Result "0-1"]
[WhiteElo "1900"]
[BlackElo "2316"]
[PlyCount "71"]
[EventDate "2010.07.26"]
[EventType "swiss"]
[EventRounds "9"]
[EventCountry "ESP"]
[SourceTitle "CBM 137 Extra"]
[Source "ChessBase"]
[SourceDate "2010.09.01"]
[SourceVersion "1"]
[SourceVersionDate "2010.09.01"]
[SourceQuality "1"]

1. d4 Nf6 2. c4 c5 3. Nf3 cxd4 4. Nxd4 g6 5. Nc3 Bg7 6. e4 Nc6 7. Be3 0-0 8. Be2 b6 9. 0-0 Bb7 10. f3 e6 11. Rc1 Qe7 12. Nxc6 Bxc6 13. e5 Ne8 14. f4 d6 15. Bf3 Bxf3 16. Qxf3 Rd8 17. Qe4 dxe5 18. fxe5 Qc7 19. Bg5 Rd7 20. Bf6 Nxf6 21. exf6 Bh6 22. Rcd1 Rfd8 23. Rxd7 Rxd7 24. b4 Qd8 25. Ne2 Rd2 26. c5 bxc5 27. bxc5 Rxa2 28. Nd4 Ra4 29. Nxe6 Qe8 30. Qc2 Be3+ 31. Kh1 fxe6 32. c6 Rf4 33. Rb1 Bb6 34. Qe2 Qxc6 35. Qe5 Rf2 36. Qe1 0-1